000 00263nam a2200097Ia 4500
001 719057
005 20250826163035.0
008 250824s9999 xx 000 0 und d
245 0 _aMEVLANA DAN GOETHE YE SEVGİ KÖPRÜSÜ
_cMUSTAFA AKGÜN
260 _bPANAMA YAYINLARI
999 _c719057
_d719057